000 00393nam a2200157Ia 4500
008 230711s9999||||xx |||||||||||||| ||und||
041 _aENG
082 _a720.994
_bCH-B
100 _aChatterjee,Amuradha
245 0 _aBuilt, Unbuilt, and Imagined Sydney
250 _a1st Ed.
260 _c2015
_aGhaziabad
_bCopal Publishing Group
300 _a98p.
650 _aArchitecture
942 _cBK
999 _c6044
_d6044